| 000 | 00581nam a2200193 a 4500 | ||
|---|---|---|---|
| 001 | 3542 | ||
| 003 | CDMR | ||
| 005 | 20131023140235.0 | ||
| 008 | 130130s1965||||||||||||||||||||||||||||d | ||
| 040 |
_aCDMR _bcat _cCDMR |
||
| 100 | 1 |
_aGarcía Jiménez, Jesús _9393 |
|
| 245 | 1 | 0 |
_aTelevisión, educación y desarrollo en una sociedad de masas _cJesús Garcia Jimenez |
| 260 |
_aMadrid _c1965 _bCSIC |
||
| 300 |
_a468 p ; _c25 cm |
||
| 650 | 0 | 4 |
_91190 _aTelevisió _xAspectes socials |
| 650 | 0 | 4 |
_92782 _aTelevisió en l'ensenyament |
| 650 | 0 | 4 |
_94172 _aSocietat de massa |
| 942 |
_cMON _2udc |
||
| 999 |
_c3542 _d3542 |
||